Water governance for sustainable development / (Record no. 332567)

000 -LEADER
fixed length control field 01819cam a22003734a 4500
001 - CONTROL NUMBER
control field 14208197
003 - CONTROL NUMBER IDENTIFIER
control field NUST
005 - DATE AND TIME OF LATEST TRANSACTION
control field 20171213142630.0
008 - FIXED-LENGTH DATA ELEMENTS--GENERAL INFORMATION
fixed length control field 051222s2006 enkab b 001 0 eng
010 ## - LIBRARY OF CONGRESS CONTROL NUMBER
LC control number 2005036769
020 ## - INTERNATIONAL STANDARD BOOK NUMBER
International Standard Book Number 184407319X (hardback)
020 ## - INTERNATIONAL STANDARD BOOK NUMBER
International Standard Book Number 9781844073191
035 ## - SYSTEM CONTROL NUMBER
System control number (OCoLC)ocm71187926
040 ## - CATALOGING SOURCE
Original cataloging agency DLC
Transcribing agency DLC
Modifying agency YDX
-- BAKER
-- IXA
-- AGL
-- DLC
042 ## - AUTHENTICATION CODE
Authentication code pcc
050 00 - LIBRARY OF CONGRESS CALL NUMBER
Classification number HC800.Z9
Item number E594 2006
070 0# - NATIONAL AGRICULTURAL LIBRARY CALL NUMBER
Classification number HC800.Z9
Item number E594 2006
082 00 - DEWEY DECIMAL CLASSIFICATION NUMBER
Classification number 658.404 PER
Edition number 22
245 00 - TITLE STATEMENT
Title Water governance for sustainable development /
Statement of responsibility, etc. Edited by Sylvain Perret, Stefano Farolfi and Rashid Hassan.
260 ## - PUBLICATION, DISTRIBUTION, ETC.
Place of publication, distribution, etc. London ;
-- Sterling, VA :
Name of publisher, distributor, etc. Earthscan,
Date of publication, distribution, etc. 2007.
300 ## - PHYSICAL DESCRIPTION
Extent xxiv, 295p. :
Other physical details ill., maps ;
Dimensions 24 cm.
500 ## - GENERAL NOTE
General note "The idea of the present book originated during the international workshop on Water Resource Management for Local Development: Governance, Institutions and Policies (WRM2004, Loskop Dam, South Africa, 8-11 November 2004)"--Acknowledgements.
501 ## - WITH NOTE
With note H.B
504 ## - BIBLIOGRAPHY, ETC. NOTE
Bibliography, etc. note Includes bibliographical references and index.
650 #0 - SUBJECT ADDED ENTRY--TOPICAL TERM
Topical term or geographic name entry element Sustainable development
Geographic subdivision Africa.
9 (RLIN) 7223
650 #0 - SUBJECT ADDED ENTRY--TOPICAL TERM
Topical term or geographic name entry element Water-supply
Geographic subdivision Africa
General subdivision Management.
9 (RLIN) 7224
650 #0 - SUBJECT ADDED ENTRY--TOPICAL TERM
Topical term or geographic name entry element Water quality management
Geographic subdivision Africa.
9 (RLIN) 7225
650 #0 - SUBJECT ADDED ENTRY--TOPICAL TERM
Topical term or geographic name entry element Water resources development
Geographic subdivision Africa.
9 (RLIN) 7226
700 1# - ADDED ENTRY--PERSONAL NAME
Personal name Perret, S.
Fuller form of name (Sylvain)
9 (RLIN) 7227
700 1# - ADDED ENTRY--PERSONAL NAME
Personal name Farolfi, Stefano.
9 (RLIN) 7228
700 1# - ADDED ENTRY--PERSONAL NAME
Personal name Hassan, Rashid M.
9 (RLIN) 7229
856 41 - ELECTRONIC LOCATION AND ACCESS
Materials specified Table of contents only
Uniform Resource Identifier <a href="http://www.loc.gov/catdir/toc/ecip065/2005036769.html">http://www.loc.gov/catdir/toc/ecip065/2005036769.html</a>
906 ## - LOCAL DATA ELEMENT F, LDF (RLIN)
a 7
b cbc
c orignew
d 1
e ecip
f 20
g y-gencatlg
942 ## - ADDED ENTRY ELEMENTS (KOHA)
Source of classification or shelving scheme
Koha item type Book
Call number prefix IESE
Holdings
Withdrawn status Lost status Source of classification or shelving scheme Damaged status Not for loan Collection code Permanent Location Current Location Shelving location Date acquired Total Checkouts Full call number Barcode Date last seen Price effective from Koha item type
            Institute of Environmental Science and Engineering (IESE) Institute of Environmental Science and Engineering (IESE) General Stacks 12/13/2017   658.404 PER IESE-3795 12/13/2017 12/13/2017 Book
© 2023 Central Library, National University of Sciences and Technology. All Rights Reserved.